Statistiques concernant Culture Générale - Série 1375

Cliquez ici pour prendre le quiz!

Statistiques générales

  • Ce quiz a été pris 52 fois
  • Le résultat moyen est 6 sur 10

Statistiques - réponses

Question Réponse % Correct
Quel animal de la ferme peut être de race limousine, salers ou aubrac ?vache
94%
D'après l'expression, les plaisanteries les plus courtes sont toujours les...meilleures
94%
Quelle petite somme d'argent, le "tip" en anglais, donne-t-on à un serveur après avoir payé l'addition ?pourboire
91%
Les Japonais disent "Moshi moshi", les Italiens "Pronto", et les Français...Allo
72%
Quelle ville sert habituellement de décor à la série "Sex And The City" ?New York
68%
Au jeu du "Mille Bornes", quel animal figure sur la carte : "25 km" ?escargot
57%
Quel nom désigne les habitants de la ville de Pantin en Seine-Saint-Denis ?Pantinois
57%
Sous quel nom le comédien Jules Auguste César Muraire s'est-il fait connaître ?Raimu
40%
Quelle loterie, où les gagnants remportent un lot en nature, a un nom italien signifiant "culbute" ?tombola
26%
Sur quelle île de l'océan atlantique trouve-t-on le volcan "Teide" ?Tenerife
15%

Distribution des résultats

Percentile par nombre de réponses

% des personnes avec chaque résultat

Votre développement - résultats

Vous n’avez pas pris ce quiz